[Event "Under 1700"]
[Site "SchemingMind.com"]
[Date "2009.11.11"]
[Round "-"]
[White "Jonno"]
[Black "Gilligan"]
[Result "0-1"]
[WhiteCountry "ENG"]
[BlackCountry "USA"]
[WhiteElo "1450"]
[WhiteRD "90"]
[BlackElo "1630"]
[BlackRD "77"]
[GameID "226157"]

1. e4 c5 2. Nf3 Nc6 3. d4 cxd4 4. Nxd4 Nxd4 5. Qxd4 e6 6. Nc3 b6 7. Bc4 Ne7 8. Bf4 Nc6 9. Qd3 Be7 10. O-O O-O
11. Qg3 Nd4 12. Bh6 g6 13. Bxf8 Bxf8 14. Rad1 Nc6 15. f4 Bb7 16. f5 Qb8 17. Qh4 Be7 18. f6 Bc5+ 19. Kh1 Qe8 20. Qh6 Bf8
21. Qg5 h6 22. Qg4 Ne5 23. Qe2 Nxc4 24. Qxc4 Rc8 25. Qd4 Rd8 26. e5 Bc5 27. Qc4 Bc6 28. b4 d5 29. Qf4 Kh7 30. bxc5 bxc5
31. Rf3 g5 32. Qg4 d4 33. Ne2 Bxf3 34. Qxf3 Qg8 35. g4 Qg6 36. Ng3 Qxc2 37. Qe2 Qxe2 38. Nxe2 d3 39. Nc3 c4 40. Nb5 Rd5
41. Nc7 Rxe5 42. h3 Re2 43. a4 d2 44. Nxe6 Re1+
0-1

[Event "Under 1700"]
[Site "SchemingMind.com"]
[Date "2009.11.10"]
[Round "-"]
[White "Jonno"]
[Black "lemmie"]
[Result "0-1"]
[WhiteCountry "ENG"]
[BlackCountry "NED"]
[WhiteElo "1379"]
[WhiteRD "99"]
[BlackElo "1589"]
[BlackRD "50"]
[GameID "226158"]

1. e4 e5 2. Nf3 Nc6 3. Bb5 a6 4. Ba4 b5 5. Bb3 Nf6 6. O-O Nxe4 7. d4 d5 8. dxe5 Bc5 9. Bxd5 Nxf2 10. Rxf2 Bb7
11. Nc3 Bxf2+ 12. Kxf2 Rb8 13. Ng5 O-O 14. Qh5 h6 15. Bxf7+ Rxf7+ 16. Qxf7+ Kh8 17. Ne6 Qh4+ 18. g3 Qxh2+ 19. Kf1 Qh1+ 20. Kf2 Qh2+
21. Kf3 Nxe5+ 22. Kf4 Nxf7 23. Be3 Qxc2 24. Rd1 Qxb2 25. Bd4 Qb4 26. a3 Qc4
0-1

[Event "Under 1700"]
[Site "SchemingMind.com"]
[Date "2009.11.10"]
[Round "-"]
[White "Jonno"]
[Black "Shell"]
[Result "1-0"]
[WhiteCountry "ENG"]
[BlackCountry "ENG"]
[WhiteElo "1379"]
[WhiteRD "99"]
[BlackElo "1207"]
[BlackRD "61"]
[GameID "226161"]

1. e4 e5 2. Nf3 Nc6 3. Bb5 a6 4. Ba4 Nf6 5. O-O Nxe4 6. d4 b5 7. Bb3 d5 8. Nc3 Bf5 9. Bxd5 Qd7 10. Bd2 Bg4
11. Be3 Be7 12. Bxe4 exd4 13. Qd2 O-O 14. Nxd4 b4 15. Nd5 Bc5 16. f3 Nxd4 17. Bxd4 f5 18. Bxc5 fxe4 19. Bxf8 Kxf8 20. fxg4+ Kg8
21. Nf6+ gxf6 22. Qxd7 e3 23. Rae1 b3 24. cxb3 Kf8 25. Rxf6+ Kg8 26. Rxe3
1-0

[Event "Under 1700"]
[Site "SchemingMind.com"]
[Date "2009.11.10"]
[Round "-"]
[White "Jonno"]
[Black "Imre030"]
[Result "1-0"]
[WhiteCountry "ENG"]
[BlackCountry "HUN"]
[WhiteElo "1450"]
[WhiteRD "90"]
[BlackElo "1188"]
[BlackRD "93"]
[GameID "226162"]

1. e4 e5 2. Nf3 d6 3. d4 d5 4. dxe5 dxe4 5. Qxd8+ Kxd8 6. Ng5 Bb4+ 7. Bd2 a5 8. Nxe4 Nf6 9. Ng5 Bg4 10. Nxf7+ Ke8
11. Nxh8 Ne4 12. f3 Bxd2+ 13. Nxd2 Nxd2 14. Kxd2 Bf5 15. Bd3 Bxd3 16. cxd3 Nd7 17. Rae1 Ke7 18. f4 Rxh8 19. Rhf1 Rf8 20. f5 g6
21. g4 gxf5 22. gxf5 Nc5 23. f6+ Ke8 24. d4 Ne6 25. d5 Nd4 26. e6
1-0

[Event "Under 1700"]
[Site "SchemingMind.com"]
[Date "2009.11.10"]
[Round "-"]
[White "lame wolf"]
[Black "Jonno"]
[Result "0-1"]
[WhiteCountry "INT"]
[BlackCountry "ENG"]
[WhiteElo "1097"]
[WhiteRD "53"]
[BlackElo "1379"]
[BlackRD "99"]
[GameID "226163"]

1. f4 d5 2. Nf3 g6 3. b3 Nf6 4. Bb2 Bg7 5. d4 O-O 6. c3 Nc6 7. Nbd2 Bf5 8. Bc1 Bh6 9. c4 Bxf4 10. c5 Re8
11. Nb1 Bxc1 12. Qxc1 e5 13. Nc3 e4 14. Nd2 Nxd4 15. e3 Ne6 16. b4 b6 17. cxb6 cxb6 18. a4 Qc7 19. Qa3 d4 20. Nb5 Qc6
21. Rc1 Qd5 22. Qb3 Qe5 23. Nc4 Qd5 24. Nd2 Qd7 25. exd4 Nxd4 26. Nxd4 Qxd4 27. Bb5 Red8 28. Qc4 Qxd2+ 29. Kf1 Rac8 30. Bc6 Rd4
31. Qc2 Qf4+ 32. Ke2 Bd7 33. Rcf1 Qg4+ 34. Ke3 Rd3+ 35. Qxd3 exd3 36. Bxd7 Nxd7 37. g3 Qe2+ 38. Kf4 Rc4+
0-1

[Event "Under 1700"]
[Site "SchemingMind.com"]
[Date "2009.11.10"]
[Round "-"]
[White "XTC"]
[Black "Jonno"]
[Result "1-0"]
[WhiteCountry "COL"]
[BlackCountry "ENG"]
[WhiteElo "1818"]
[WhiteRD "48"]
[BlackElo "1193"]
[BlackRD "70"]
[GameID "226164"]

1. e4 c5 2. Nf3 Nc6 3. d4 cxd4 4. Nxd4 Nf6 5. Nc3 e5 6. Ndb5 d6 7. Bg5 a6 8. Na3 b5 9. Nd5 Be7 10. Bxf6 Bxf6
11. c4 b4 12. Nc2 O-O 13. Be2 a5 14. b3 Re8 15. O-O Bb7 16. Nce3 Nd4 17. Nxf6+ Qxf6 18. Nd5 Bxd5 19. cxd5 Rac8 20. Rc1 Rc3
21. Rxc3 bxc3 22. Bc4 c2 23. Qd2 Qg6 24. Qe3 f5 25. exf5 Qxf5 26. f4 e4 27. Qxd4 e3 28. Bd3 e2 29. Re1 Qg4 30. Bxc2
1-0

[Event "Under 1700"]
[Site "SchemingMind.com"]
[Date "2009.11.11"]
[Round "-"]
[White "Gilligan"]
[Black "Jonno"]
[Result "1-0"]
[WhiteCountry "USA"]
[BlackCountry "ENG"]
[WhiteElo "1613"]
[WhiteRD "77"]
[BlackElo "1379"]
[BlackRD "99"]
[GameID "226165"]

1. d4 d5 2. c4 e6 3. Nc3 Be7 4. e3 Nf6 5. cxd5 exd5 6. Be2 O-O 7. Nf3 c5 8. O-O Nc6 9. b3 h6 10. Bb2 Bf5
11. Bd3 Qd7 12. Rc1 Ne4 13. Nxe4 dxe4 14. dxc5 exd3 15. b4 Nxb4 16. Ne5 Qe6 17. f4 Bg4 18. Nxg4 Rac8 19. a3 Bxc5 20. axb4 Bxe3+
21. Nxe3 Qxe3+ 22. Kh1 Rfd8 23. Rxc8 Rxc8 24. Rf3 Qe4 25. Rxd3 Rc2 26. Rd2 Rxd2 27. Qxd2 Qb1+ 28. Bc1 b6 29. Kg1 a5 30. bxa5 bxa5
31. Kf2 a4 32. Ba3 Qb6+ 33. Qe3 Qf6 34. Qe8+ Kh7 35. Qxa4 g5 36. Qe4+ Kh8 37. g3 Qb6+ 38. Kg2 g4 39. Qe8+ Kg7 40. Qf8+ Kf6
41. Qxh6+
1-0

[Event "Under 1700"]
[Site "SchemingMind.com"]
[Date "2009.11.10"]
[Round "-"]
[White "lemmie"]
[Black "Jonno"]
[Result "0-1"]
[WhiteCountry "NED"]
[BlackCountry "ENG"]
[WhiteElo "1589"]
[WhiteRD "50"]
[BlackElo "1379"]
[BlackRD "99"]
[GameID "226166"]

1. e4 c5 2. Nf3 Nc6 3. Bc4 e6 4. Nc3 a6 5. a3 Bd6 6. d3 Nf6 7. O-O h6 8. h3 O-O 9. Be3 b5 10. Ba2 Bb7
11. Qd2 Ne5 12. Nxe5 Bxe5 13. f4 Bd4 14. Nd1 d5 15. e5 Nh5 16. c3 Bxe3+ 17. Qxe3 d4 18. cxd4 cxd4 19. Qe1 Qd7 20. g4 Qc6
21. Rf3 Qxf3 22. Qd2 Qh1+ 23. Kf2 Bf3 24. gxh5 f6 25. Bxe6+ Kh8 26. Rc1 fxe5 27. f5 Bxh5 28. Qe1 Qf3+ 29. Kg1 Bf7 30. Bxf7 Rxf7
31. Qe4 Qg3+ 32. Kf1 Raf8 33. Qg4 Qxd3+ 34. Kg1 Rxf5 35. Rc7 Qf1+ 36. Kh2 R5f7 37. Rxf7 Rxf7 38. h4 Rf3 39. h5 Qe2+ 40. Qg2 Qxd1
41. Qg6 Qd2+ 42. Kg1 Qf2+ 43. Kh1 Rh3#
0-1

[Event "Under 1700"]
[Site "SchemingMind.com"]
[Date "2009.11.10"]
[Round "-"]
[White "Shell"]
[Black "Jonno"]
[Result "1-0"]
[WhiteCountry "ENG"]
[BlackCountry "ENG"]
[WhiteElo "1299"]
[WhiteRD "66"]
[BlackElo "1193"]
[BlackRD "70"]
[GameID "226169"]

1. d4 Nf6 2. c4 e6 3. Nc3 Bb4 4. e3 O-O 5. Bd3 d5 6. Nf3 c5 7. O-O dxc4 8. Bxc4 Nbd7 9. a3 Bxc3 10. bxc3 b6
11. Ng5 h6 12. d5 hxg5 13. dxe6 fxe6 14. Bxe6+ Kh8 15. Qf3 Ne5 16. Qh3+ Nh7 17. Bb2 Qd2 18. Bc1 Qe2 19. Ra2 Qd3 20. Rd2 Qxc3
21. Bb2 Nf3+ 22. gxf3 Qxd2 23. Be5 Re8 24. Bf5 Bxf5 25. Qxf5 Rf8 26. Qe4 Rae8 27. f4 g4 28. Qg2 Rd8 29. Qxg4 Rf7 30. Bc7 Rxc7
31. f5 c4 32. h4 c3 33. Qf4 Rcc8 34. a4 c2 35. f6 c1=Q 36. Rxc1 Qxc1+ 37. Kg2 Rc4 38. e4 Qxf4 39. f3
1-0

[Event "Under 1700"]
[Site "SchemingMind.com"]
[Date "2009.11.10"]
[Round "-"]
[White "Imre030"]
[Black "Jonno"]
[Result "1-0"]
[WhiteCountry "HUN"]
[BlackCountry "ENG"]
[WhiteElo "1250"]
[WhiteRD "91"]
[BlackElo "1193"]
[BlackRD "70"]
[GameID "226170"]

1. e4 c5 2. Nc3 Nc6 3. Nf3 d6 4. Be2 Nf6 5. O-O e6 6. d3 Be7 7. Ng5 O-O 8. b3 d5 9. Nf3 h6 10. Bf4 d4
11. Nb5 a6 12. Bc7 Qd7 13. Be5 Nxe5 14. Na3 Bd6 15. Nc4 Nxc4 16. bxc4 e5 17. a4 a5 18. Nh4 b6 19. Nf5 Ne8 20. Bg4 Qe6
21. Qf3 Qf6 22. Nxd6 Qxf3 23. Bxf3 Nxd6 24. Rab1 Rb8 25. Bh5 g6 26. Bf3 f5 27. exf5
1-0

[Event "Under 1700"]
[Site "SchemingMind.com"]
[Date "2009.11.10"]
[Round "-"]
[White "BigDaddy"]
[Black "XTC"]
[Result "0-1"]
[WhiteCountry "AUT"]
[BlackCountry "COL"]
[WhiteElo "1331"]
[WhiteRD "51"]
[BlackElo "1739"]
[BlackRD "49"]
[GameID "226208"]

1. e4 e5 2. Nf3 Nc6 3. Bc4 Bc5 4. b4 Bxb4 5. c3 Bc5 6. d4 exd4 7. cxd4 Bb6 8. O-O Na5 9. Nbd2 d6 10. Nb3 Nxc4
11. Bg5 f6 12. Be3 Bg4 13. h3 Nxe3 14. fxe3 Bxf3 15. Rxf3 Ne7 16. Qf1 Ng6 17. Rg3 O-O 18. a4 a5 19. Rd1 Re8 20. Nd2 c6
21. Rf3 Qd7 22. Nc4 Bc7 23. Nd2 b6 24. Qf2 Qf7 25. g4 Qa2 26. e5 dxe5 27. Ne4 Qxa4 28. Nxf6+ gxf6 29. Rf1 Re6 30. Rxf6 Rxf6
31. Qxf6 Rf8 32. Qe6+ Kh8 33. Re1 Nh4 34. Re2 Qa1+ 35. Kh2 exd4+ 36. Qe5+ Bxe5#
0-1

[Event "Under 1700"]
[Site "SchemingMind.com"]
[Date "2009.11.11"]
[Round "-"]
[White "BigDaddy"]
[Black "Gilligan"]
[Result "0-1"]
[WhiteCountry "AUT"]
[BlackCountry "USA"]
[WhiteElo "1331"]
[WhiteRD "51"]
[BlackElo "1630"]
[BlackRD "77"]
[GameID "226209"]

1. e4 e5 2. Nf3 d6 3. d4 exd4 4. Nxd4 g6 5. Nc3 Bg7 6. Be3 Nf6 7. Nf3 O-O 8. Bc4 Be6 9. Bxe6 fxe6 10. O-O b6
11. Qd3 c5 12. Qd2 Nc6 13. Bg5 Qc7 14. Nb5 Qb8 15. Nxd6 Rd8 16. e5 Nxe5 17. Nxe5 Rxd6 18. Qf4 Nh5 19. Qf7+ Kh8 20. g4 Bxe5
21. gxh5 Bxh2+ 22. Kg2 Be5 23. Rh1 Qf8 24. Qxf8+ Rxf8 25. Be7 Rf5 26. hxg6 Rd2 27. Rxh7+ Kg8 28. Bh4 Rf4 29. Rh1 Rg4+ 30. Bg3 Rxg3+
31. Kf1 Rxg6 32. Rh8+ Bxh8
0-1

[Event "Under 1700"]
[Site "SchemingMind.com"]
[Date "2009.11.11"]
[Round "-"]
[White "BigDaddy"]
[Black "lemmie"]
[Result "0-1"]
[WhiteCountry "AUT"]
[BlackCountry "NED"]
[WhiteElo "1331"]
[WhiteRD "51"]
[BlackElo "1617"]
[BlackRD "52"]
[GameID "226210"]

1. e4 e5 2. Nf3 Nc6 3. Bc4 Bc5 4. b4 Bxb4 5. c3 Ba5 6. d4 exd4 7. Nxd4 Nxd4 8. Qxd4 d6 9. Qd5 Be6 10. Qd4 Nf6
11. Bg5 Bb6 12. Qe3 Bxe3 13. Bxe3 Bxc4 14. Nd2 Ba6 15. c4 O-O 16. O-O Re8 17. f3 d5 18. exd5 Rxe3 19. Rfe1 Rd3 20. Ne4 Bxc4
21. Nxf6+ Qxf6 22. Rac1 b5 23. Re2 Qd4+ 24. Kf1 Rd1+ 25. Rxd1 Qxd1+ 26. Kf2 Qxe2+ 27. Kg3 g5 28. h4 h6 29. hxg5 hxg5 30. f4 Qe3+
31. Kg4 Qxf4+ 32. Kh5 Qh4#
0-1

[Event "Under 1700"]
[Site "SchemingMind.com"]
[Date "2009.11.11"]
[Round "-"]
[White "BigDaddy"]
[Black "mmccaffe"]
[Result "0-1"]
[WhiteCountry "AUT"]
[BlackCountry "USA"]
[WhiteElo "1331"]
[WhiteRD "51"]
[BlackElo "1663"]
[BlackRD "60"]
[GameID "226211"]

1. e4 e5 2. Nf3 Nf6 3. Nxe5 d6 4. Nf3 Nxe4 5. Qe2 Qe7 6. d3 Nf6 7. Qxe7+ Bxe7 8. Be2 O-O 9. O-O Nc6 10. Nc3 Bg4
11. h3 Bh5 12. g4 Bg6 13. Bg5 h6 14. Bxf6 Bxf6 15. Rfe1 Rfe8 16. a3 Re7 17. Rab1 Rae8 18. Kf1 Nd4 19. Nxd4 Bxd4 20. Nd5 Re5
21. Nxc7 R8e7 22. Nb5 Rxb5 23. c4 Rxb2 24. Rxb2 Bxb2 25. Bf3 Bxd3+ 26. Be2 Rxe2 27. Rxe2 Bxe2+ 28. Kxe2 Bxa3 29. Kd3 Bc5 30. f3 b6
31. Ke4 a5 32. Kd3 a4 33. Kc3 a3 34. Kb3 Kf8 35. f4 Ke7 36. f5 Kf6 37. h4 h5 38. gxh5 Kxf5 39. h6 gxh6
0-1

[Event "Under 1700"]
[Site "SchemingMind.com"]
[Date "2009.11.11"]
[Round "-"]
[White "BigDaddy"]
[Black "nhitchings"]
[Result "0-1"]
[WhiteCountry "AUT"]
[BlackCountry "USA"]
[WhiteElo "1336"]
[WhiteRD "50"]
[BlackElo "1529"]
[BlackRD "114"]
[GameID "226212"]

1. e4 e5 2. Nf3 Nc6 3. Bc4 Bc5 4. b4 Bxb4 5. c3 Ba5 6. d4 exd4 7. Nxd4 Nge7 8. Qf3 O-O 9. Qg3 Ng6 10. O-O Nxd4
11. cxd4 c6 12. e5 Bc7 13. Bd3 d6 14. Bxg6 hxg6 15. Ba3 dxe5 16. Bxf8 exd4 17. Qf3 Kxf8 18. Nd2 Qd6 19. g3 Be6 20. Ne4 Qd5
21. Nd2 Qxf3 22. Nxf3 c5 23. Rfb1 b6 24. Ng5 Bf5 25. Nh7+ Kg8 26. Re1 Kxh7 27. Re7 Bd6 28. Rxf7 a5 29. Rb7 Rb8 30. Rf7 c4
31. Rc1 c3 32. f3 Ba3 33. Rd1 c2 34. Rxd4 c1=Q+ 35. Kg2 Qc2+ 36. Kg1 Bc5 37. Rd7 Bh3 38. Re7 Qg2#
0-1

[Event "Under 1700"]
[Site "SchemingMind.com"]
[Date "2009.11.11"]
[Round "-"]
[White "BigDaddy"]
[Black "Shell"]
[Result "1-0"]
[WhiteCountry "AUT"]
[BlackCountry "ENG"]
[WhiteElo "1331"]
[WhiteRD "51"]
[BlackElo "1272"]
[BlackRD "62"]
[GameID "226213"]

1. e4 e5 2. Nf3 Nc6 3. Bc4 Bc5 4. b4 Bxb4 5. c3 Ba5 6. d4 exd4 7. Nxd4 Nxd4 8. Qxd4 Qe7 9. O-O Nf6 10. Bf4 O-O
11. Qe3 Nxe4 12. Bd3 d5 13. Bxe4 dxe4 14. Nd2 b6 15. Qg3 Bxc3 16. Rad1 Bd4 17. Nb3 Ba6 18. Bh6 Bxf1 19. Rxd4 c5 20. Qxg7#
1-0

[Event "Under 1700"]
[Site "SchemingMind.com"]
[Date "2009.11.11"]
[Round "-"]
[White "BigDaddy"]
[Black "Imre030"]
[Result "1-0"]
[WhiteCountry "AUT"]
[BlackCountry "HUN"]
[WhiteElo "1331"]
[WhiteRD "51"]
[BlackElo "1188"]
[BlackRD "93"]
[GameID "226214"]

1. e4 e5 2. Nf3 Nc6 3. Bc4 Nf6 4. O-O Bd6 5. Nc3 O-O 6. d3 Ng4 7. Ng5 Nf6 8. Bxf7+ Rxf7 9. Nxf7 Qe7 10. Nxd6 Qxd6
11. Bd2 b6 12. Nb5 Qe6 13. Nxc7 Qg4 14. Nxa8 Nd4 15. Qxg4 Nxg4 16. h3 Ne2+ 17. Kh1 Nf6 18. Rfe1 Nf4 19. Bxf4 exf4 20. e5 Nd5
21. c4 Ne7 22. Re4 f3 23. Rg1 fxg2+ 24. Rxg2
1-0

[Event "Under 1700"]
[Site "SchemingMind.com"]
[Date "2009.11.11"]
[Round "-"]
[White "BigDaddy"]
[Black "Jonno"]
[Result "1-0"]
[WhiteCountry "AUT"]
[BlackCountry "ENG"]
[WhiteElo "1336"]
[WhiteRD "50"]
[BlackElo "1193"]
[BlackRD "70"]
[GameID "226215"]

1. e4 c5 2. Nf3 Nc6 3. d4 cxd4 4. Nxd4 e5 5. Nf3 Nf6 6. Nc3 Bb4 7. Bd2 Bxc3 8. Bxc3 Nxe4 9. Nxe5 Nxc3 10. bxc3 Nxe5
11. Bd3 Nxd3+ 12. Qxd3 O-O 13. O-O d5 14. c4 Be6 15. Rfd1 dxc4 16. Qc3 Bd5 17. Rd4 Qf6 18. Rad1 Rad8 19. g3 Rd7 20. Re1 Re7
21. Rxe7 Qxe7 22. Rg4 f6 23. Qe3 Qxe3 24. fxe3 Be6 25. Re4 Bd5 26. Rd4 Rd8 27. e4 Re8 28. Rxd5 Rxe4 29. Rd8+ Kf7 30. Rb8 b6
31. Rb7+ Ke6 32. Rxg7 Re2 33. Rxh7 a6 34. Rb7 b5 35. Rb6+ Kd5 36. Rxf6 a5 37. Rb6 Kc5 38. Rf6 Rxc2 39. Rf2 Rc1+ 40. Rf1 Rxf1+
41. Kxf1 c3 42. h4 c2 43. Ke2
1-0

[Event "Under 1700"]
[Site "SchemingMind.com"]
[Date "2009.11.11"]
[Round "-"]
[White "lame wolf"]
[Black "BigDaddy"]
[Result "1-0"]
[WhiteCountry "INT"]
[BlackCountry "AUT"]
[WhiteElo "1097"]
[WhiteRD "53"]
[BlackElo "1289"]
[BlackRD "60"]
[GameID "226216"]

1. b4 e5 2. a3 d5 3. Bb2 a5 4. c3 Nf6 5. d4 e4 6. e3 b6 7. c4 axb4 8. axb4 Bxb4+ 9. Nc3 Bxc3+ 10. Bxc3 c6
11. Rxa8 Ba6 12. Qa4 Ng4 13. c5 Bxf1 14. Kxf1 Qh4 15. g3 Nxh2+ 16. Ke2 Qg4+ 17. Kd2 Nf1+ 18. Kc2 O-O 19. cxb6 Nd7 20. Rxf8+ Nxf8
21. b7 Nd7 22. Qxc6 Qe6 23. Qc8+ Nf8 24. b8=Q h6 25. Qxe6 fxe6 26. Qe5 Kh7 27. Ne2
1-0

[Event "Under 1700"]
[Site "SchemingMind.com"]
[Date "2009.11.11"]
[Round "-"]
[White "XTC"]
[Black "BigDaddy"]
[Result "0-1"]
[WhiteCountry "COL"]
[BlackCountry "AUT"]
[WhiteElo "1739"]
[WhiteRD "49"]
[BlackElo "1331"]
[BlackRD "51"]
[GameID "226217"]

1. e4 c5 2. Nf3 e6 3. d4 cxd4 4. Nxd4 d5 5. e5 Bc5 6. Nf3 Nc6 7. Bb5 Bd7 8. O-O a6 9. Bxc6 Bxc6 10. Nc3 Bb4
11. Bd2 Bxc3 12. Bxc3 Ne7 13. Re1 O-O 14. Bb4 d4 15. Nxd4 Qd5 16. Nf3 Ng6 17. Bxf8 Nxf8 18. Qxd5 Bxd5 19. b3 Bxf3 20. gxf3 Ng6
21. Rad1 h6 22. Kg2 Nh4+ 23. Kg3 Nf5+ 24. Kg4 g5 25. f4 Nh4 26. fxg5 hxg5 27. Rd7 Kh7 28. Rxf7+ Kh6 29. f4 Rh8 30. fxg5+ Kg6
31. Rf6+ Kg7 32. h3 Ng6 33. Rxe6 Rh4+ 34. Kf5 Rf4#
0-1

[Event "Under 1700"]
[Site "SchemingMind.com"]
[Date "2009.11.11"]
[Round "-"]
[White "Gilligan"]
[Black "BigDaddy"]
[Result "1-0"]
[WhiteCountry "USA"]
[BlackCountry "AUT"]
[WhiteElo "1630"]
[WhiteRD "77"]
[BlackElo "1331"]
[BlackRD "51"]
[GameID "226218"]

1. e4 c5 2. Nf3 e6 3. c3 d5 4. Bd3 Nc6 5. O-O Nf6 6. Bc2 Be7 7. d4 dxe4 8. Ng5 O-O 9. Nxe4 Nxe4 10. Bxe4 Bd7
11. Be3 Bd6 12. dxc5 Be5 13. f4 f5 14. Bc2 Bf6 15. Nd2 Bh4 16. Rf3 Qf6 17. Rh3 Qh6 18. g3 g6 19. Rxh4 Qg7 20. Nf3 h5
21. Ng5 Ne7 22. Bd4 Qh6 23. c6 Nxc6 24. Bc5 Rfe8 25. Qxd7 Rf8 26. Bxf8 Kxf8 27. Qf7#
1-0

[Event "Under 1700"]
[Site "SchemingMind.com"]
[Date "2009.11.11"]
[Round "-"]
[White "lemmie"]
[Black "BigDaddy"]
[Result "1-0"]
[WhiteCountry "NED"]
[BlackCountry "AUT"]
[WhiteElo "1617"]
[WhiteRD "52"]
[BlackElo "1331"]
[BlackRD "51"]
[GameID "226219"]

1. e4 c5 2. Nf3 e6 3. Nc3 d5 4. exd5 exd5 5. d4 Be6 6. Be3 cxd4 7. Nxd4 Qd7 8. Bb5 Nc6 9. O-O Bb4 10. a3 Bxc3
11. bxc3 Nf6 12. Re1 O-O 13. h3 h6 14. Qc1 g5 15. Bxg5 Bxh3 16. Bxf6 Qg4 17. g3 Nxd4 18. cxd4 Qf3 19. Bf1 Qxf6 20. Bxh3 Qxd4
21. Qxh6 Qg7 22. Qxg7+ Kxg7 23. Red1 Rh8 24. Bg2 Rad8 25. Bxd5 Rc8 26. Bxb7 Rxc2 27. a4 Rc5 28. a5 Rch5 29. a6 Rh2 30. Rd4 Re8
31. Kxh2 Re2 32. Kg2 f5 33. Rd6
1-0

[Event "Under 1700"]
[Site "SchemingMind.com"]
[Date "2009.11.11"]
[Round "-"]
[White "mmccaffe"]
[Black "BigDaddy"]
[Result "1-0"]
[WhiteCountry "USA"]
[BlackCountry "AUT"]
[WhiteElo "1663"]
[WhiteRD "60"]
[BlackElo "1331"]
[BlackRD "51"]
[GameID "226220"]

1. e4 c5 2. Nf3 e6 3. d3 Nc6 4. g3 d5 5. exd5 exd5 6. Bg2 d4 7. O-O Nf6 8. Re1+ Be7 9. Bg5 O-O 10. Qe2 Re8
11. Bxf6 gxf6 12. Nbd2 Bg4 13. h3 Bxf3 14. Qxf3 Qd6 15. Ne4 Qe5 16. Re2 f5 17. Ng5 Bxg5 18. Rxe5 Nxe5 19. Qxf5 f6 20. h4 Bh6
21. Qxf6 Bg7 22. Qg5 h6 23. Qd2 Rf8 24. Bd5+ Kh8 25. Re1 Rfe8 26. f4 Ng4 27. f5 Red8 28. Be6 Ne5 29. Rxe5 Bxe5 30. Qxh6#
1-0

[Event "Under 1700"]
[Site "SchemingMind.com"]
[Date "2009.11.11"]
[Round "-"]
[White "nhitchings"]
[Black "BigDaddy"]
[Result "1-0"]
[WhiteCountry "USA"]
[BlackCountry "AUT"]
[WhiteElo "1529"]
[WhiteRD "114"]
[BlackElo "1336"]
[BlackRD "50"]
[GameID "226221"]

1. e4 c5 2. b4 cxb4 3. a3 Nf6 4. Bc4 e6 5. axb4 d5 6. exd5 exd5 7. Bb3 Bxb4 8. c3 Nc6 9. Ne2 Qd7 10. cxb4 Nxb4
11. d4 Qf5 12. O-O Qg6 13. Ba4+ Nd7 14. Ba3 Nc6 15. Nf4 Qe4 16. Re1 Qxe1+ 17. Qxe1+ Kd8 18. Bxc6 bxc6 19. Qe7+ Kc7 20. Nc3 Kb6
21. Nfxd5+ Ka5 22. Bb4#
1-0

[Event "Under 1700"]
[Site "SchemingMind.com"]
[Date "2009.11.11"]
[Round "-"]
[White "Shell"]
[Black "BigDaddy"]
[Result "0-1"]
[WhiteCountry "ENG"]
[BlackCountry "AUT"]
[WhiteElo "1272"]
[WhiteRD "62"]
[BlackElo "1331"]
[BlackRD "51"]
[GameID "226222"]

1. d4 Nf6 2. c4 e6 3. Nc3 Bb4 4. e3 Bxc3+ 5. bxc3 O-O 6. a3 d5 7. Nf3 Nc6 8. Be2 Bd7 9. O-O e5 10. dxe5 Bg4
11. exf6 Qxf6 12. cxd5 Qg6 13. Nh4 Qg5 14. g3 Ne5 15. f4 Qh5 16. Ra2 g5 17. fxe5 Bxe2 18. g4 Qxg4+ 19. Kf2 Bxd1 20. Rg1 Qxh4+
21. Kf1 Qh3+ 22. Rag2 Qf3+ 23. Ke1 Rfd8 24. Rf2 Qxd5 25. e4 Qxe4+ 26. Kf1 Qxe5 27. Rxg5+ Qxg5 28. Bxg5 Re8 29. Bf4 Rad8 30. Rg2+ Kh8
31. Bxc7 Rd3 32. c4 Ree3 33. Bf4 Rf3+ 34. Kg1 Rxf4 35. h3 Rxh3 36. c5 Rhf3 37. Kh2 Rh4+ 38. Kg1 Rhf4 39. Rg5 Rf1+ 40. Kg2 R1f2+
41. Kg3 R2f3+ 42. Kg2 Rxa3 43. Rd5 Rg4+ 44. Kf2 Bf3 45. Rd8+ Kg7 46. Rd7 Rg2+ 47. Kf1 Ra1+
0-1

[Event "Under 1700"]
[Site "SchemingMind.com"]
[Date "2009.11.13"]
[Round "-"]
[White "Imre030"]
[Black "BigDaddy"]
[Result "0-1"]
[WhiteCountry "HUN"]
[BlackCountry "AUT"]
[WhiteElo "1336"]
[WhiteRD "111"]
[BlackElo "1289"]
[BlackRD "60"]
[GameID "226223"]

1. e4 c5 2. Nc3 Nc6 3. Be2 e6 4. Nf3 d5 5. O-O Bd6 6. Bb5 Bd7 7. exd5 exd5 8. Ng5 Qxg5 9. Qe1+ Kd8 10. d4 Qh5
11. Be2 Qxh2#
0-1

[Event "Under 1700"]
[Site "SchemingMind.com"]
[Date "2009.11.11"]
[Round "-"]
[White "Jonno"]
[Black "BigDaddy"]
[Result "1-0"]
[WhiteCountry "ENG"]
[BlackCountry "AUT"]
[WhiteElo "1450"]
[WhiteRD "90"]
[BlackElo "1331"]
[BlackRD "51"]
[GameID "226224"]

1. e4 c5 2. Nf3 e6 3. Nc3 Nc6 4. d4 cxd4 5. Nxd4 Nf6 6. Ndb5 Bb4 7. a3 Bxc3+ 8. Nxc3 d5 9. exd5 exd5 10. Bd3 O-O
11. O-O Qc7 12. Qf3 Bg4 13. Qe3 h6 14. f3 Rae8 15. Qc5 b6 16. Qb5 d4 17. Nd5 Qd6 18. Bc4 Re5 19. fxg4 Nxg4 20. Bf4 Na5
21. Bxe5 Qxe5 22. g3 Nxc4 23. Qxc4 Ne3 24. Qe2 Qxd5 25. Rf2 f5 26. c3 Ng4 27. c4 Qe4 28. Qxe4 fxe4 29. Rxf8+ Kxf8 30. Rf1+ Ke7
31. h3 Ne3 32. Rf4 Nf5 33. Rxf5
1-0